| 000 | 01125pam a2200289 a 4500 | ||
|---|---|---|---|
| 001 | 4853487 | ||
| 003 | OSt | ||
| 005 | 20151023125333.0 | ||
| 008 | 911119s1992 njua b 001 0 eng | ||
| 010 | _a 91042722 | ||
| 020 | _a0136249906 | ||
| 040 |
_aDLC _cDLC _dDLC |
||
| 050 | 0 | 0 |
_aQA297 _b.M39 1992 |
| 082 | 0 | 0 |
_a519.4 _220 |
| 100 | 1 |
_aMathews, John H., _d1943- |
|
| 245 | 1 | 0 |
_aNumerical methods for mathematics, science, and engineering / _cJohn H. Mathews. |
| 250 | _a2nd ed. | ||
| 260 |
_aEnglewood Cliffs, N.J. : _bPrentice Hall, _cc1992. |
||
| 300 |
_ax, 646 p. : _bill. ; _c24 cm. |
||
| 500 | _aRev. ed. of: Numerical methods for computer science, engineering, and mathematics. 1987. | ||
| 504 | _aIncludes bibliographical references (p. 594-603) and index. | ||
| 650 | 0 | _aNumerical analysis. | |
| 700 | 1 |
_aMathews, John H., _d1943- _tNumerical methods for computer science, engineering, and mathematics. |
|
| 906 |
_a7 _bcbc _corignew _d1 _eocip _f19 _gy-gencatlg |
||
| 942 |
_2lcc _cBK |
||
| 999 |
_c250896 _d250896 |
||